00370nam a2200133Ia 4500008004100000041000800041082001400049100001500063245008000078250001200158260004100170300000800211650001700219230711s9999||||xx |||||||||||||| ||und|| aENG a720bHU-P aRob Hummel 0aPc magazine programmer's technical reference: the processor and coprocessor a1st Ed. c1992aNew JersybZD Press Eneryillia a761 aArchitecture